| 000 | 00289nam a2200085Ia 4500 | ||
|---|---|---|---|
| 008 | 220120s9999||||xx |||||||||||||| ||und|| | ||
| 100 |
_aBibin Peter, and Nithin, C.P _912211 |
||
| 245 | 0 | _aMicrocontroller based patient monitoring system | |
| 260 |
_aCoorg Institute of Technology _bPonnampet _c2009 |
||
| 999 |
_c137797 _d137797 |
||